| 000 | 00645nac a22002171u 4500 | ||
|---|---|---|---|
| 008 | 150901b xxu||||| |||| 00| 0 eng d | ||
| 010 | _a 91022885 | ||
| 020 | _a1856490246 | ||
| 040 | _adlc | ||
| 082 | 0 | 0 |
_a297.1975 _bEl28 |
| 100 | _aEl-Fandy,M.G. | ||
| 245 | 1 | 0 |
_aIslam and science,1/ _cM.G.El-Fandy. |
| 260 |
_aEgypt, _aCairo : _bThe Supreme Council For Islamic Affairs, _cc1993. |
||
| 300 |
_a35: _c15cm. |
||
| 500 | _aDonations. | ||
| 500 | _aDonations - Bibliotheca Alexandrina. | ||
| 500 | _aText In English and Arabic. | ||
| 650 | 0 |
_aIslam and science. _2BUEsh |
|
| 651 | _2BUEsh | ||
| 942 |
_cBB _k297.1975El28 _2ddc |
||
| 999 |
_c3516 _d3516 |
||